000
00376nam a2200145Ia 4500
008
231129s1991||||xx |||||||||||||| ||spa||
020
_a
958-9043-78-X
040
_b
spa
082
_a
Co864.4 R918L
100
_a
López Michelsen Alfonso
245
0
_a
Tomás Rueda Vargas
260
_c
1991
264
_a
Procultura
942
_2
ddc
_c
BKS
999
_c
25505
_d
25505